Sociologičeskoje videnije problem sovremennoj bezopasnosti

Sociálny fenomén bezpečnosti v minulosti a v súčasnosti. Narastanie zložitosti problematiky bezpečnosti v druhej polovici 20. storočia. Nové teoretické ponímanie bezpečnosti a jeho vzťah k sociológii. Vznik vojenskej sociológie (armádnej sociológie) v polovici 20. storočia. Marxistické sociologické...

Full description

Saved in:
Bibliographic Details
Main Author: Škvrnda, František
Format: Book Chapter
Language:Russian
Subjects:
Tags: Add Tag
No Tags, Be the first to tag this record!

MARC

LEADER 00000nla$a2200000$$$4500
001 0058927
005 20240502083141.1
041 0 |a rus 
044 |a UA 
245 1 0 |a Sociologičeskoje videnije problem sovremennoj bezopasnosti  |c František Škvrnda 
520 |a Sociálny fenomén bezpečnosti v minulosti a v súčasnosti. Narastanie zložitosti problematiky bezpečnosti v druhej polovici 20. storočia. Nové teoretické ponímanie bezpečnosti a jeho vzťah k sociológii. Vznik vojenskej sociológie (armádnej sociológie) v polovici 20. storočia. Marxistické sociologické názory na vojny a násilie. Hlavné oblasti sociologického výskumu bezpečnosti v súčasnej dobe. Problematika hrozieb v sociologickom výskume bezpečnosti. 
610 2 0 |a bezpečnosť 
610 2 0 |a vojny 
610 2 0 |a vzťahy medzinárodné 
610 2 0 |a politika medzinárodná 
610 2 0 |a sociológia 
610 2 0 |a dejiny 
100 1 |a Škvrnda, František